000
00400nam a22001697a 4500
003
MPLRDC
005
20220104113939.0
008
210129b ||||| |||| 00| 0 eng d
082
_a
848.2 ZXF-3 v.5
100
_a
张晓风编
245
_a
第一篇诗
_c
260
_a
_b
尔雅出版社
_c
300
_b
平
490
_a
尔雅丛书;137
650
_a
现代别集
942
_c
BK
_o
848.2 ZXF-3 v.5
999
_c
3610
_d
3600